000 01069nam0a2200349 4500
001 RU\NLR\BIBL_A\021999716
005 20240327132615.0
010 _a978-5-0060-1022-2
021 _aRU
_bКН-П-23-042298
_9КН-П-23-4226
035 _a(NLR Aleph) 021999716
035 _a(RuMoRGB)011894674
090 _a12451254
_c12451254
100 _a20230808d2023 u y0rusy50 ca
101 0 _arus
102 _aRU
105 _ay z 000ay
181 0 _ai
_baxxe
182 0 _an
200 1 _aМаленькое лето в Икебукуро
_fЕсси Юн
203 _aТекст
_bвизуальный
_cнепосредственный
210 _a[Б. м.]
_cИздательские решения
_d2023
215 _a94, [1] с.
_d21
300 _aНа обл. авт. не указан
333 _a18+
675 _a821.161.1-31
_v4
686 2 _aШ6(2=Р)8-440.4
700 0 _aЕсси Юн
942 _cBOOK
980 _aNB